000 00567nam a2200217Ia 4500
001 13981
003 GE_BSU
008 181216s||||||||xx |||||||||||||| ||und||
020 _a1856133869
040 _cGE_BSU
080 _a59(031)
245 _aNature encyclopedia.
245 2 _bA comprehensive guide to the earth and its natural history.
260 _aLondon.
260 _bTed smart.
260 _c1998
300 _a376p;30cm.
300 _bill.
653 _aNature encyclopedia.A comprehensive guide to the earth and its natural history.
942 _cBK
999 _c47123
_d47123